000
00193 a2200097 4500
020
_a
9780736255486
041
_a
eng
100
_a
Ward Beech,Linda
245
_a
Tractors on the farm
942
_c
BK
999
_c
8416
_d
8416